Statistics for Doubly Truncated Words

Click here to take the quiz!

General Stats

  • This quiz has been taken 707 times
  • The average score is 8 of 27

Answer Stats

HintAnswer% Correct
__eadfa__Steadfast
68%
__capad__Escapades
67%
__ellfi__Shellfish
63%
__light__Enlighten
61%
__onogra__Phonograph
60%
__acqui__Reacquire
44%
__upide__Stupidest
37%
__range__Strangest
33%
__ctari__Nectarine
32%
__rical__Lyrically
31%
__trono__Metronome
31%
__ucat__Educated
29%
__mpla__Template
27%
__irtie__Thirtieth
24%
__chorm__Anchorman
23%
__ur__Church
20%
__gib__Legible
19%
__bl__Emblem
18%
__ckli__Neckline
17%
__affin__Chaffinch
16%
__risco__Periscope
16%
__ahor__Seahorse
15%
__ma__Tomato
13%
__adac__Headache
11%
__ystro__Keystroke
9%
__alg__Amalgam
8%
__on__Iconic
8%

Score Distribution

Percentile by Number Answered

Percent of People with Each Score

Your Score History

You have not taken this quiz